Malixun hui yi lu {ch}/ (Record no. 29431)
[ view plain ]
| 000 -LEADER | |
|---|---|
| fixed length control field | 00858nam a2200205 4500 |
| 008 - FIXED-LENGTH DATA ELEMENTS--GENERAL INFORMATION | |
| fixed length control field | 070620s2004 cc 000 0bchi d |
| 020 ## - INTERNATIONAL STANDARD BOOK NUMBER | |
| International Standard Book Number | 7563346295 :RMB38/30.40/Php194.56 |
| 090 ## - LOCALLY ASSIGNED LC-TYPE CALL NUMBER (OCLC); LOCAL CALL NUMBER (OCLC) | |
| Classification number (OCLC) (R) ; Classification number, CALL (RLIN) (NR) | BV3427.M6 |
| Local cutter number (OCLC) ; Book number/undivided call number, CALL (RLIN) | M83m |
| 130 0# - MAIN ENTRY--UNIFORM TITLE | |
| Uniform title | Memoirs of the life and labours of Robert Morrison. |
| Language of a work | Chinese. |
| 245 10 - TITLE STATEMENT | |
| Title | Malixun hui yi lu {ch}/ |
| Statement of responsibility, etc | Gu Changsheng yi ; [Malixun fu ren bian]. |
| 246 1# - VARYING FORM OF TITLE | |
| Display text | Cover title also in English: |
| Title proper/short title | Memoirs of the life and labours of Robert Morrison. |
| 260 ## - PUBLICATION, DISTRIBUTION, ETC. (IMPRINT) | |
| Place of publication, distribution, etc | Guilin Shi : |
| Name of publisher, distributor, etc | Guangxi shi fan da xue chu ban she, |
| Date of publication, distribution, etc | 2004. |
| 300 ## - PHYSICAL DESCRIPTION | |
| Extent | 6, 2, 320 p. ; |
| Dimensions | 23 cm. |
| 490 1# - SERIES STATEMENT | |
| Series statement | Jidu jiao chuan jiao shi zhuan ji cong shu. |
| 600 14 - SUBJECT ADDED ENTRY--PERSONAL NAME | |
| Personal name | Morrison, Robert, |
| Dates associated with a name | 1782-1834 {ch}. |
| 951 ## - EQUIVALENCE OR CROSS-REFERENCE-GEOGRAPHIC NAME/AREA NAME [OBSOLETE] [CAN/MARC only] | |
| General subdivision | 00034913 |
| 700 1# - ADDED ENTRY--PERSONAL NAME | |
| Personal name | Gu, Changsheng. |
| 700 1# - ADDED ENTRY--PERSONAL NAME | |
| Personal name | Morrison, Elizabeth. |
| 951 ## - EQUIVALENCE OR CROSS-REFERENCE-GEOGRAPHIC NAME/AREA NAME [OBSOLETE] [CAN/MARC only] | |
| -- | C-8515 |
| -- | SP-C CHBV3427.M6/M83m |
| -- | 070619171826812 |
| -- | 2000-12-21 |
| -- | SP-C CH |
| Withdrawn status | Lost status | Damaged status | Not for loan | Home library | Current library | Shelving location | Date acquired | Accession number | Shelving control number | Total Checkouts | Full call number | Barcode | Date last seen | Price effective from | Koha item type |
|---|---|---|---|---|---|---|---|---|---|---|---|---|---|---|---|
| BSOP Library | BSOP Library | Special Collections Chinese | 12/21/2000 | C-8515 | 127 | SP-C CHBV3427.M6/M83m | 00034913 | 02/23/2013 | 02/23/2013 | Books |
